LITHOFACIES, BIOFACIES AND SEDIMENTARY CONDITIONS IN THE CRETACEOUS BEDS OF THE FLYSCH ZONE IN THE CZECHOSLOVAK CARPATHIANS

Bibliographic Details
Main Authors: Hanzlíková, Eva (Author), Roth, Zdeněk, 1914-2009 (Author)
Format: Article
Language:English

MARC

LEADER 00000nab a2200000ua 4500
001 vtls010841786
003 SK-MaSNL
005 20260303135842.0
008 230218s1963 xo |||||||||||||||||eng|
035 |a (urnnbn)urn:nbn:sk:snk:ar-a06yql 
035 |a urn:nbn:sk:snk-ab6499 
035 |a (uuid)0a766ad8-2e03-4415-b4ca-ccbd8f6208cf 
040 |a SNKBUCL  |b slo  |c SNKBUCL  |e AACR2 
041 0 |a eng 
044 |a xo  |c SK 
100 1 |a Hanzlíková, Eva  |4 aut  |9 1157602 
245 1 0 |a LITHOFACIES, BIOFACIES AND SEDIMENTARY CONDITIONS IN THE CRETACEOUS BEDS OF THE FLYSCH ZONE IN THE CZECHOSLOVAK CARPATHIANS  |c Eva Hanzlíková, Zdeněk Roth 
700 1 |a Roth, Zdeněk,  |d 1914-2009  |4 aut  |9 6213 
773 0 |t Geologický sborník  |g Roč. 14, č. 1 (1963), s. [83]-108 
958 |a OND 
958 |a EUIPO 
958 |a article5 
999 |c 1968367  |d 1970297